| 000 | 02558nam0a2200361 4500 | ||
|---|---|---|---|
| 001 | RU\NLR\BIBL_A\016360940 | ||
| 005 | 20260407085014.0 | ||
| 010 |
_a978-5-93339-428-0 _9500 |
||
| 035 | _a(NLR Aleph) 016360940 | ||
| 090 |
_a13151228 _c13151228 |
||
| 100 | _a20230503d2019 |||y0rusy50 ca | ||
| 101 | 0 |
_arus _aeng |
|
| 102 | _aRU | ||
| 105 | _ay z 000zy | ||
| 181 | 0 |
_ai _baxxe |
|
| 182 | 0 | _an | |
| 200 | 1 |
_aСтоматология для лечебного факультета: введение в стоматологию и челюстно-лицевую хирургию _eучебно-методическое пособие для студентов 2-го курса Лечебного факультета по специальности 31.05.01 "Лечебное дело" _fФедеральное государственное бюджетное образовательное учреждение высшего образования "Санкт-Петербургский государственный медицинский университет им. И. П. Павлова" Министерства здравоохранения РФ, Кафедра стоматологии профилактической, Кафедра стоматологии хирургической и челюстно-лицевой хирургии, Кафедра иностранных языков _g[Улитовский С.Б. и др.] |
|
| 203 |
_aТекст _bвизуальный _cнепосредственный |
||
| 210 |
_aСанкт-Петербург _cЧеловек _d2019 |
||
| 215 |
_a100 c. _d21 |
||
| 300 | _aТекст парал. рус., англ. | ||
| 320 | _aБиблиогр.: с. 87-100 | ||
| 606 | 1 |
_aСтоматология _jУчебно-методические пособия для высших учебных заведений _9932187 _3RU\NLR\AUTH\6624880 |
|
| 606 | 1 |
_aЧелюстно-лицевая хирургия _jУчебно-методические пособия для высших учебных заведений _9911495 _3RU\NLR\AUTH\6613241 |
|
| 686 | 1 | _aР66я73 | |
| 686 | 1 | _aР665.43я73 | |
| 702 | 1 |
_aУлитовский _bС. Б. _gСергей Борисович _4220 |
|
| 712 | 0 | 2 |
_4570 _aСанкт-Петербургский государственный медицинский университет им. И. П. Павлова _9298499 _3RU\NLR\AUTH\8812801 |
| 942 | _cBOOK | ||
| 980 | _aNB | ||